01263nam a2200337 a 4500001001200000003000800012006001900020007001500039008004100054010001700095020002100112020002100133040002100154035002000175050002300195082001700218100002500235245006700260250001200327260004400339300001600383490004100399504006400440533015200504650003300656650002200689655002900711710001700740830004200757856012600799ebr10017790CaPaEBRm u cr cn|||||||||930813s1993 enk sb 001 0 eng  z 93032142  z0415094879 (hbk) z0415094887 (pbk) aCaPaEBRcCaPaEBR a(OCoLC)5121737414aBF717b.C63 1993eb04a155.4/182201 aCohen, David,d1946-14aThe development of playh[electronic resource] /cDavid Cohen. a2nd ed. aLondon ;aNew York :bRoutledge,c1993. avii, 207 p.1 aConcepts in developmental psychology aIncludes bibliographical references (p. 194-203) and index. aElectronic reproduction.bPalo Alto, Calif. :cebrary,d2013.nAvailable via World Wide Web.nAccess may be limited to ebrary affiliated libraries. 0aPlayxPsychological aspects. 0aChild psychology. 7aElectronic books.2local2 aebrary, Inc. 0aConcepts in developmental psychology.40uhttp://site.ebrary.com/lib/rucke/Doc?id=10017790zAn electronic book accessible through the World Wide Web; click to view